000 00652nam a2200253Ia 4500
003 OSt
005 20221006145642.0
006 a|||||r|||| 00| 0
007 ta
008 221006b |||||||| |||| 00| 0 eng d
020 _c
_8.50
024 _a15,565
037 _cTextual
040 _aEASL
_cEASL
_beng
041 _2eng
_aeng
082 _aV41:1910bX7295, J0
100 _aWRIGHT Stanley F
245 0 _aHart and the Chinese customs
260 _aBelfast
_bWm. Mullan
_c1950
300 _a949p.
_ccm.
650 _aCEL
942 _hV41:1910bX7295, J0
_cTEXL
_2CC
999 _c1083651
_d1083651